History Quiz

Random History or Politics Quiz

Middle Eastern Leaders Quiz Stats

 Plays Quiz not verified by Sporcle

Score 0/17 Timer 07:00
0 Plays Today
Country Leader % Correct
IsraelBenjamin Netanyahu
75%
Saudi ArabiaAbdullah
75%
JordanAbdullah
75%
AfghanistanHamid Karzai
50%
SyriaBashar Al Assad
43.8%
EgyptAbdel Fattah el-Sisi
25%
KuwaitSabah al-Sabah
18.8%
QatarTamim bin Hamad al Thani
18.8%
IraqHaider al-Abadi
18.8%
Country Leader % Correct
IranAli Khameni
18.8%
PakistanNawaz Sharif
18.8%
LebanonTammam Salam
18.8%
TurkeyAhmet Davutoglu
18.8%
BahrainKhalifa bin Salman Al Khalifa
18.8%
YemenAbd Rabbuh Mansur Hadi
18.8%
OmanQuaboos bin Said al Said
18.8%
United Arab EmeritesMohammed bin Rashid al Maktoum
12.5%

You're not logged in!

Compare scores with friends on all Sporcle quizzes.
OR
Log In

Sporcle TV

Today on Sporcle TV


Watch our educational content, quiz creation guides, and fun videos on Sporcle TV.

Show Comments

Extras

Top Quizzes Today


Score Distribution

Your Account Isn't Verified!

In order to create a playlist on Sporcle, you need to verify the email address you used during registration. Go to your Sporcle Settings to finish the process.

Report this User

Report this user for behavior that violates our Community Guidelines.

Details: